Online
Catalog

Experiences and techniques of sleep studies = Experiencias y técnicas sobre estudios del sueño. / (Record no. 50211)

MARC details
000 -CABECERA
campo de control de longitud fija 01279nam a2200337 a 4500
003 - IDENTIFICADOR DEL NÚMERO DE CONTROL
campo de control DO-SdBNP
005 - FECHA Y HORA DE LA ÚLTIMA TRANSACCIÓN
campo de control 20220329131538.0
007 - CAMPO FIJO DE DESCRIPCIÓN FÍSICA--INFORMACIÓN GENERAL
campo de control de longitud fija ta
008 - DATOS DE LONGITUD FIJA--INFORMACIÓN GENERAL
campo de control de longitud fija 210817e2018 dr aoc|fr|||| 001 0deng d
020 ## - NÚMERO INTERNACIONAL ESTÁNDAR DEL LIBRO
Número Internacional Estándar del Libro 9781946300263
020 ## - NÚMERO INTERNACIONAL ESTÁNDAR DEL LIBRO
Número Internacional Estándar del Libro 1946300268
040 ## - FUENTE DE LA CATALOGACIÓN
Centro catalogador/agencia de origen DO-SdBNP
Lengua de catalogación spa
Centro/agencia transcriptor BNMPHU
041 ## - CÓDIGO DE LENGUA
Código de lengua original eng
082 #4 - NÚMERO DE LA CLASIFICACIÓN DECIMAL DEWEY
Número de documento/Ítem C957ex
Número de edición 22
100 ## - ENTRADA PRINCIPAL--NOMBRE DE PERSONA
9 (RLIN) 57301
Nombre de persona Cruz Cabrera, Ana Arelys
245 10 - MENCIÓN DE TÍTULO
Título Experiences and techniques of sleep studies = Experiencias y técnicas sobre estudios del sueño. /
Mención de responsabilidad, etc. Ana Arelys Cruz Cabrera; Editores, Mary Ann Schroder, Lucille Amaral y María Breton.
246 ## - FORMA VARIANTE DE TÍTULO
Título propio/Titulo breve Experiencias y técnicas sobre estudios del sueño.
260 ## - PUBLICACIÓN, DISTRIBUCIÓN, ETC.
Lugar de publicación, distribución, etc. Pawtucket, USA. :
Nombre del editor, distribuidor, etc. First Stillwater River Publications,
Fecha de publicación, distribución, etc. 2018
300 ## - DESCRIPCIÓN FÍSICA
Extensión 286 p. :
Otras características físicas il., gráf., retr. ;
Dimensiones 23 cm.
500 ## - NOTA GENERAL
Nota general Incluye datos biográficos de la autor en las páginas i, 121
504 ## - NOTA DE BIBLIOGRAFÍA, ETC.
Nota de bibliografía, etc. Bibliografía, p. 259-566
546 ## - NOTA DE LENGUA/LENGUAJE
Nota de lengua/lenguaje Libro con traducción al español.
590 ## - NOTA LOCAL (RLIN)
Nota local Inventariado 2021 / MF
650 #4 - PUNTO DE ACCESO ADICIONAL DE MATERIA--TÉRMINO DE MATERIA
9 (RLIN) 34998
Término de materia o nombre geográfico como elemento de entrada Trastornos del Sueño
650 #4 - PUNTO DE ACCESO ADICIONAL DE MATERIA--TÉRMINO DE MATERIA
9 (RLIN) 60357
Término de materia o nombre geográfico como elemento de entrada Sueños
Subdivisión de forma Investigación
Subdivisión general Aspectos Fisiológicos
700 1# - PUNTO DE ACCESO ADICIONAL--NOMBRE DE PERSONA
Nombre de persona Ann Schroder, Mary,
Término indicativo de función/relación ed.
9 (RLIN) 79461
700 1# - PUNTO DE ACCESO ADICIONAL--NOMBRE DE PERSONA
Nombre de persona Amaral, Lucille,
Término indicativo de función/relación ed.
9 (RLIN) 79462
700 1# - PUNTO DE ACCESO ADICIONAL--NOMBRE DE PERSONA
Nombre de persona Breton, María,
Término indicativo de función/relación ed.
9 (RLIN) 79463
910 ## - DATOS DE OPCIÓN DEL USUARIO (OCLC)
Datos de opción del usuario MFeliz
942 ## - ELEMENTOS DE PUNTO DE ACCESO ADICIONAL (KOHA)
Fuente del sistema de clasificación o colocación Dewey Decimal Classification
Tipo de ítem Koha Libro
Holdings
Estado de retiro Estado de pérdida Fuente del sistema de clasificación o colocación Restricciones de uso No para préstamo Código de colección Localización permanente Ubicación/localización actual Ubicación en estantería Fecha de adquisición Fuente de adquisición Total de préstamos Signatura topográfica completa Código de barras Fecha visto por última vez Precio válido a partir de Tipo de ítem Koha Nota pública Número de copia
    Dewey Decimal Classification Excluido de préstamo   Patrimonio Dominicano Biblioteca Nacional Pedro Henríquez Ureña Biblioteca Nacional Pedro Henríquez Ureña Depósito 28.06.2021 Depósito legal   C957ex 2021-25448 17.08.2021 17.08.2021 Libro Ejemplar autobiografiado  
    Dewey Decimal Classification Excluido de préstamo   Patrimonio Dominicano Biblioteca Nacional Pedro Henríquez Ureña Biblioteca Nacional Pedro Henríquez Ureña Depósito 20.07.2021 Depósito legal   C957ex 2021-25792 27.08.2021 27.08.2021 Libro   e.2
    Dewey Decimal Classification Préstamo en sala   Dominicana de Servicio Biblioteca Nacional Pedro Henríquez Ureña Biblioteca Nacional Pedro Henríquez Ureña Depósito 20.07.2021 Depósito legal   C957ex 2021-25793 27.08.2021 27.08.2021 Libro   e.3

Powered by Koha